000 00612nam a2200157Ia 4500
008 220216s9999 xx 000 0 und d
100 _aMohd. Ghazaly H
245 0 _aSynthesis and characterization of macromonomer crosslinker: Towards the study of the effect of crosslinking on latex film formation
260 _bInternational Rubber Conference 1997. Rubber Science and Technology: Improving Quality of Life, Kuala Lumpur, Malaysia 6-9 Oct 1997; p29-39
650 _aLatex film formation
700 _a
_AKlein A
700 _aDaniels E S
700 _aDimonie V L
700 _aEl-Aasser M S
942 _cJS
999 _c70131
_d70131